Responses for Show #1933 - Wednesday, January 20, 1993

Contestants

[<< previous game]

Anne Swiatek, an attorney from Washington, D.C.

Paul Bloom, an aspiring filmmaker originally from Cranston, Rhode Island

Darryl Scott, an Air Force lieutenant colonel originally from Washington, D.C. (whose 1-day cash winnings total $1)

Jeopardy! Round responses

U.S. GEOGRAPHY
HOLIDAYS & OBSERVANCES
TURTLES
FAMOUS WOODYS
YOUR FEDERAL TAXES
FILE UNDER "R"
    $100 1
(Anne: What are the Grand Tetons?)

the Rocky Mountains

PaulAnne
    $100 6
Great Britain

Anne
    $100 15
the shell

Paul
    $100 26
Woody Woodpecker

Darryl
    $100 2
an audit

Anne
    $100 3
roaring

Darryl
    $200 4
Dover

Anne
    $200 22
Texas

Paul
    $200 16
lungs

Anne
    $200 27
Woody Guthrie

Paul
    $200 8
the 1040EZ

Darryl
    $200 5
a ransom

Paul
    $300 12
Georgia

Darryl
    $300 23
Mother's Day

Anne
    $300 18
the Galápagos

Paul
    $300 28
Woody Harrelson

Paul
    $300 11
a Social Security number

Darryl
    $300 7
a radish

Paul
    $400 13
Vermont

Darryl
    $400 24
Bolívar

Anne
    $400 19
omnivorous

Paul
    $400 29
Woody Hayes

Anne
    $400 17
electronically

Darryl
    $400 9
remedies

Darryl
    $700 14
the Cascades

Darryl
    $500 25
Venice

Anne
    $500 20
the Indian Ocean

Anne
    $500 30
(Alex: And The Herd, yes.)

Woody Herman

Anne
    $500 21
(Anne: What is 3?)
(Paul: What is 6?)

4

DarrylPaulAnne
    $500 10
a rogue

Anne

Scores at the first commercial break (after clue 13):

Darryl Paul Anne
$1,700 $600 $800

Scores at the end of the Jeopardy! Round:

Darryl Paul Anne
$3,400 $1,600 $3,100

Double Jeopardy! Round responses

AMERICAN HISTORY
IN THE BOOKSTORE
ITALIAN BUSINESS & INDUSTRY
MODERN THEATRE
THE BODY HUMAN
OFF WITH THEIR HEADS
    $200 4
President Washington

Anne
    $200 15
tomatoes

Darryl
    $200 19
Rossi

Anne
    $200 11
Equus

Darryl
    $200 1
the larynx

Darryl
    $200 12
Balboa

Paul
    $400 5
Australia

Darryl
    $400 20
Dead

Darryl
    $400 21
typewriters

Anne
    $400 13
Neil Simon

Triple Stumper
    $400 2
the eyes

Paul
    $400 14
Charles I

Anne
    $600 6
Telstar

Darryl
    $600 22
Ivana Trump

Triple Stumper
    $600 27
Fiat

Darryl
    $3,800 25
(Paul: What is the United States?)

France

Paul
    $600 3
the esophagus

Anne
    $600 16
Paul

Paul
    $800 7
(Paul: Who is Kennedy?)
(Darryl: Who is Roosevelt?)
(Alex: Be more specific.)

Franklin Roosevelt (FDR)

DarrylPaul
    $800 23
Marilyn Quayle

Anne
    $200 28
(Darryl: What is [*] or Benetti?)
(Alex: You are right, [*].)

Benetton

Darryl
    $800 26
The Tempest

Darryl
    $800 9
the pituitary gland

Paul
    $800 17
Robespierre

Darryl
    $1000 8
(Anne: Who is McKinley?)

Garfield

DarrylAnne
    $1000 24
(Darryl: What is Maine?)

North Carolina

DarrylPaul
    $1000 29
Gucci

Anne
    $1000 30
Harold Pinter

Triple Stumper
    $1000 10
humerus

Anne
    $1000 18
Vlad the Impaler

Darryl

Scores at the end of the Double Jeopardy! Round:

Darryl Paul Anne
$9,600 $0 $6,700

[wagering suggestions for these scores]

Final Jeopardy! Round responses

PLANTS & FLOWERS
AnneWhat are are Sunflowers?
$6,699
DarrylWhat is Sunflower
$3,801
the sunflower

Final scores:

Darryl Paul Anne
$13,401 $0 $13,399
2-day champion: $13,402 3rd place: Ross Simons mirror + Wheel of Fortune & Jeopardy! for Super Nintendo Entertainment System & Sega Genesis + Jeopardy! home game 2nd place: trip on Delta to Mexico City & stay at Krystal Rosa + Jeopardy! home game

Game dynamics:

Coryat scores:

Darryl Paul Anne
$10,000 $3,800 $6,700
23 R
(including 2 DDs),
1 W
14 R,
3 W
(including 1 DD)
19 R,
3 W

Combined Coryat: $20,500

[game clues] [game scores] [suggest correction]

Game tape date: 1992-10-12
The J! Archive is created by fans, for fans. Scraping, republication, monetization, and malicious use prohibited; this site may use cookies and collect identifying information. See terms. The Jeopardy! game show and all elements thereof, including but not limited to copyright and trademark thereto, are the property of Jeopardy Productions, Inc. and are protected under law. This website is not affiliated with, sponsored by, or operated by Jeopardy Productions, Inc. Join the discussion at JBoard.tv.